| 000 | 00589nam a2200193 a 4500 | ||
|---|---|---|---|
| 005 | 20140310183620.0 | ||
| 008 | 130128s19uu xx 00 eng d | ||
| 020 | _a1401858031 | ||
| 050 |
_aR 853.M3 _b.K46 2005 |
||
| 100 | _aKennamer, Mike | ||
| 245 |
_aMath for health care professionals / _cMike Kennamer. |
||
| 260 |
_aClifton Park, NY : _bDelmar Learning / Thompson, _c2005. |
||
| 300 |
_a306 p. : _bill. col. ; _c25 cm. |
||
| 500 | _aIncludes bibliographical references and index | ||
| 521 | _aNUR | ||
| 650 |
_aMedecine _xMathematics |
||
| 942 |
_cBK _2lcc _kFOR |
||
| 999 |
_c25387 _d25387 |
||